Влияние деформации на компоненты тензора внутренних напряжений в зернах ГЦК-поликристалла; Перспективы развития фундаментальных наук; Т. 1 : Физика

Sonraí bibleagrafaíochta
Parent link:Перспективы развития фундаментальных наук=Prospects of Fundamental Sciences Development: сборник научных трудов XIII Международной конференции студентов, аспирантов и молодых ученых, г. Томск, 26-29 апреля 2016 г./ Национальный исследовательский Томский политехнический университет (ТПУ) ; под ред. И. А. Курзиной, Г. А. Вороновой.— , 2016
Т. 1 : Физика.— 2016.— [С. 64-96]
Príomhchruthaitheoir: Гиберт И. А.
Údar corparáideach: Национальный исследовательский Томский политехнический университет (ТПУ)
Rannpháirtithe: Попова Н. А. (научный руководитель), Конева Н. А., Киселева С. Ф.
Achoimre:Заглавие с титульного экрана
Study of contributions of internal stress tensor components in deformed of austenitic steel was carriedout. The tensor components of internal stresses were determined with using bending extinction contours observing on electron microscope images of the steel.
Teanga:Rúisis
Foilsithe / Cruthaithe: 2016
Ábhair:
Rochtain ar líne:http://earchive.tpu.ru/handle/11683/25943
Formáid: Leictreonach Caibidil leabhair
KOHA link:https://koha.lib.tpu.ru/cgi-bin/koha/opac-detail.pl?biblionumber=618029

MARC

LEADER 00000naa2a2200000 4500
001 618029
005 20231101133005.0
035 |a (RuTPU)RU\TPU\conf\16390 
035 |a RU\TPU\conf\16389 
090 |a 618029 
100 |a 20160517d2016 k y0rusy50 ca 
101 0 |a rus  |d eng 
102 |a RU 
105 |a y z 101zy 
135 |a drcn ---uucaa 
181 0 |a i  
182 0 |a b 
200 1 |a Влияние деформации на компоненты тензора внутренних напряжений в зернах ГЦК-поликристалла  |d Effect of deformation on components of internal stress tensor in grains of FCC-polycristal  |f И. А. Гиберт, Н. А. Попова, Н. А. Конева  |g науч. рук. С. Ф. Киселева 
203 |a Текст  |c электронный 
230 |a 1 компьютерный файл (pdf; 712 Кb) 
300 |a Заглавие с титульного экрана 
330 |a Study of contributions of internal stress tensor components in deformed of austenitic steel was carriedout. The tensor components of internal stresses were determined with using bending extinction contours observing on electron microscope images of the steel. 
461 1 |0 (RuTPU)RU\TPU\conf\16353  |t Перспективы развития фундаментальных наук  |l Prospects of Fundamental Sciences Development  |o сборник научных трудов XIII Международной конференции студентов, аспирантов и молодых ученых, г. Томск, 26-29 апреля 2016 г.   |o в 7 т.  |f Национальный исследовательский Томский политехнический университет (ТПУ) ; под ред. И. А. Курзиной, Г. А. Вороновой  |d 2016 
463 0 |0 (RuTPU)RU\TPU\conf\16354  |t Т. 1 : Физика  |v [С. 64-96]  |d 2016 
510 1 |a Effect of deformation on components of internal stress tensor in grains of FCC-polycristal  |z eng 
610 1 |a труды учёных ТПУ 
610 1 |a электронный ресурс 
610 1 |a деформации 
610 1 |a тензор 
610 1 |a внутренние напряжения 
610 1 |a поликристаллы 
610 1 |a кристаллические решетки 
700 1 |a Гиберт  |b И. А. 
701 1 |a Попова  |b Н. А. 
701 1 |a Конева  |b Н. А. 
702 1 |a Киселева  |b С. Ф.  |4 727 
712 0 2 |a Национальный исследовательский Томский политехнический университет (ТПУ)  |c (2009- )  |2 stltpush  |3 (RuTPU)RU\TPU\col\15902 
801 2 |a RU  |b 63413507  |c 20160625  |g RCR 
856 4 |u http://earchive.tpu.ru/handle/11683/25943 
942 |c BK